Electrical Machine Analysis using Finite Elements / (Record no. 176948)
[ view plain ]
| 000 -LEADER | |
|---|---|
| fixed length control field | 01404 a2200229 4500 |
| 003 - CONTROL NUMBER IDENTIFIER | |
| control field | Nust |
| 005 - DATE AND TIME OF LATEST TRANSACTION | |
| control field | 20220803112854.0 |
| 010 ## - LIBRARY OF CONGRESS CONTROL NUMBER | |
| LC control number | 2005041853 |
| 020 ## - INTERNATIONAL STANDARD BOOK NUMBER | |
| International Standard Book Number | 0849333997 (alk. paper) |
| 035 ## - SYSTEM CONTROL NUMBER | |
| System control number | (OCoLC)ocm57694820 |
| 040 ## - CATALOGING SOURCE | |
| Transcribing agency | Nust |
| 082 00 - DEWEY DECIMAL CLASSIFICATION NUMBER | |
| Classification number | 621.31042,BIA |
| 100 1# - MAIN ENTRY--PERSONAL NAME | |
| Personal name | Bianchi, Nicola. |
| 9 (RLIN) | 59207 |
| 245 10 - TITLE STATEMENT | |
| Title | Electrical Machine Analysis using Finite Elements / |
| Statement of responsibility, etc. | Nicola Bianchi. |
| 260 ## - PUBLICATION, DISTRIBUTION, ETC. | |
| Place of publication, distribution, etc. | Boca Raton, FL : |
| Name of publisher, distributor, etc. | Talor & Francis, |
| Date of publication, distribution, etc. | c2005. |
| 300 ## - PHYSICAL DESCRIPTION | |
| Extent | 275 p. : |
| Other physical details | ill. ; |
| Dimensions | 25 cm. |
| 440 #0 - SERIES STATEMENT/ADDED ENTRY--TITLE | |
| Title | Power electronics and applications series |
| 9 (RLIN) | 83246 |
| 505 ## - FORMATTED CONTENTS NOTE | |
| Formatted contents note | Outline of Electromagnetic Fields (Page-1), Basic Principles of Finite Element Methods (Page-25), Applications of The Finite Element Method to Two-Dimensional Fields (Page-39), The Analysis Procedure Using The Finite Element Method (Page-61), Cylindrical Magnetic Devices (Page-73), Interior Permanent Magnet and Reluctance Synchronous Motors (Page-185), Self-Starting Single-Phase Synchronous Motors (Page-207), Switched Reluctance Motors (Page-229), Three-Phase Induction Motors (Page-243), The Single-Phase Transformer (Page-95), Single-Phase Variable Reactance (Page-125), Synchronous Generators (Page-141), Surface-Mounted Permanent Magnet Motors (Page-167). |
| 650 #0 - SUBJECT ADDED ENTRY--TOPICAL TERM | |
| Topical term or geographic name entry element | Telecommunication Engineering. |
| 856 42 - ELECTRONIC LOCATION AND ACCESS | |
| Materials specified | Publisher description |
| Uniform Resource Identifier | <a href="http://www.loc.gov/catdir/enhancements/fy0648/2005041853-d.html">http://www.loc.gov/catdir/enhancements/fy0648/2005041853-d.html</a> |
| 942 ## - ADDED ENTRY ELEMENTS (KOHA) | |
| Koha item type | Reference |
| Source of classification or shelving scheme | |
| Withdrawn status | Lost status | Source of classification or shelving scheme | Damaged status | Not for loan | Permanent Location | Current Location | Shelving location | Date acquired | Full call number | Barcode | Date last seen | Price effective from | Koha item type | Public note |
|---|---|---|---|---|---|---|---|---|---|---|---|---|---|---|
| Military College of Signals (MCS) | Military College of Signals (MCS) | Reference | 12/12/2016 | 621.31042,BIA | MCS32538 | 12/08/2016 | 12/12/2016 | Reference | Almirah No.20, Shelf No.3 |
